header

A companion to Theodore Roosevelt (Record no. 129902)

MARC details
000 -LEADER
fixed length control field 01725nam a2200433 a 4500
082 04 - DEWEY DECIMAL CLASSIFICATION NUMBER
Classification number 973.91/1092
-- B
245 02 - TITLE STATEMENT
Title A companion to Theodore Roosevelt
260 ## - PUBLICATION, DISTRIBUTION, ETC. (IMPRINT)
Place of publication Malden, Mass. :
Name of publisher Wiley-Blackwell,
Year of publication 2011.
300 ## - PHYSICAL DESCRIPTION
Number of Pages xvii, 584 p.
490 1# - SERIES STATEMENT
Series statement Blackwell companions to American history
Series statement American presidents
650 #0 - SUBJECT ADDED ENTRY--TOPICAL TERM
Topical Term Presidents
700 1# - ADDED ENTRY--PERSONAL NAME
Personal name Ricard, Serge.
856 40 - ELECTRONIC LOCATION AND ACCESS
Uniform Resource Identifier http://site.ebrary.com/lib/rucke/Doc?id=10494580

No items available.

© 2026 Rongo University
Contact us: librarian | system librarian | Rongo university